'C' Celebrity Images Quiz Stats

Quiz Updated May 9, 2013

Challenge
Share
Tweet
Score 0/20 Timer 06:00
4 Plays Today
% Correct
Mariah Carey
88%
Russell Crowe
80.9%
Penelope Cruz
80.5%
Johnny Cash
78.7%
Kurt Cobain
75.1%
Stephen Colbert
67.8%
Glenn Close
64.1%
Michael Caine
60.4%
Gary Coleman
56.8%
Johnny Carson
55.6%
% Correct
Dick Clark
55.2%
Julia Child
51%
Lynda Carter
47.1%
George Carlin
43.1%
Jimmy Connors
38.5%
Tim Curry
35.5%
Roberto Clemente
35.1%
Lou Costello
33.9%
Stockard Channing
25.1%
Toni Collette
22.9%

You're not logged in!

Compare scores with friends on all Sporcle quizzes.
Sign Up with Email
OR
Log In

You Might Also Like...

Show Comments

Extras

Top Quizzes Today


Score Distribution

Your Account Isn't Verified!

In order to create a playlist on Sporcle, you need to verify the email address you used during registration. Go to your Sporcle Settings to finish the process.